| 000 | 01237nam a2200277 i 4500 | ||
|---|---|---|---|
| 001 | 17717 | ||
| 003 | ES-MaACL | ||
| 005 | 20230906151641.0 | ||
| 007 | t| | ||
| 008 | 010509s1996 sp ||||1| spa d | ||
| 020 | _a84-7719-542-0 | ||
| 080 | _a352(460.181 L.).077.6"16" | ||
| 110 | 1 |
_aLeón. _bRegimiento. _95495 |
|
| 245 | 1 | 0 |
_aOrdenanzas de León / _cpresentación, Antonio Viñayo González ; introducción, Laureano M. Rubio Pérez ; coordinación editorial, José Manuel Martínez Rodríguez. |
| 260 |
_aLeón : _bUniversidad de León, Secretariado de Publicaciones : _bCátedra de San Isidoro de la Real Colegiata de León, _c1996. |
||
| 300 |
_a26 p., 217, [25] h. ; _c30 cm. |
||
| 534 |
_pReprod. de la ed. de: _cLeón : Imprenta de Agustín Ruiz, 1669. |
||
| 595 | _a"Edición facsímil del ejemplar rarísimo de la Real Colegiata de San Isidoro de León" | ||
| 650 |
_aOrdenanzas municipales- _zLeón (Provincia) _9171809 |
||
| 700 | 1 |
_aViñayo González, Antonio. _9115388 |
|
| 700 | 1 |
_aRubio Pérez, Laureano M. _9100437 |
|
| 700 | 1 |
_aMartínez Rodríguez, José Manuel. _978373 |
|
| 710 | 2 |
_aUniversidad de León. _97200 |
|
| 710 | 2 |
_aReal Colegiata de San Isidoro de León. _9151106 |
|
| 852 |
_aES-MaACL _jA-271 |
||
| 999 |
_c17717 _d17717 |
||